<?xml version="1.0" encoding="UTF-8"?>
<record
    xmlns:xsi="http://www.w3.org/2001/XMLSchema-instance"
    xsi:schemaLocation="http://www.loc.gov/MARC21/slim http://www.loc.gov/standards/marcxml/schema/MARC21slim.xsd"
    xmlns="http://www.loc.gov/MARC21/slim">

  <leader>01585cam a2200289   4500</leader>
  <controlfield tag="005">20250325114702.0</controlfield>
  <controlfield tag="008">170217b        sp ||||| |||| 00| 0 spa d</controlfield>
  <datafield tag="050" ind1="0" ind2="4">
    <subfield code="a">E113</subfield>
    <subfield code="b">P54 1967</subfield>
  </datafield>
  <datafield tag="245" ind1="0" ind2="0">
    <subfield code="a">Pleitos colombinos /</subfield>
    <subfield code="c">edici&#xF3;n de Antonio Muro Orej&#xF3;n, Florentino P&#xE9;rez-Embid, Francisco Morales Padr&#xF3;n ; versi&#xF3;n y revisi&#xF3;n paleograf&#xED;ca  de Jos&#xE9; Llavador Mira, Miguel Maticorena Estrada, Bibiano Torres Ram&#xED;rez.</subfield>
  </datafield>
  <datafield tag="250" ind1=" " ind2=" ">
    <subfield code="a">1a ed.</subfield>
  </datafield>
  <datafield tag="260" ind1=" " ind2=" ">
    <subfield code="a">Sevilla :</subfield>
    <subfield code="b">Escuela de Estudios Hispanoamericanos,</subfield>
    <subfield code="c">1967</subfield>
  </datafield>
  <datafield tag="300" ind1=" " ind2=" ">
    <subfield code="a">4 v. ;</subfield>
    <subfield code="c">25 cm.</subfield>
  </datafield>
  <datafield tag="490" ind1=" " ind2="0">
    <subfield code="a">Escuela de Estudios Hispano-americanos en Sevilla ; </subfield>
    <subfield code="v">180</subfield>
  </datafield>
  <datafield tag="504" ind1=" " ind2=" ">
    <subfield code="a">Incluye &#xED;ndice</subfield>
  </datafield>
  <datafield tag="505" ind1=" " ind2=" ">
    <subfield code="t">v. I. Proceso hasta la sentencia de Sevilla (1511) -- </subfield>
    <subfield code="t">v. II.  Pleito sobre el Darien (1512-1519) --</subfield>
    <subfield code="t">v.III.  Probanza del Almirante de las Indias (1512-1515) --</subfield>
    <subfield code="t">v.VIII. Rollo del proceso sobre la apelaci&#xF3;n de la sentencia de due&#xF1;as y probanzas del fiscal y del almirante (1534-1536).</subfield>
  </datafield>
  <datafield tag="600" ind1="1" ind2=" ">
    <subfield code="a"> Ruiz, Pedro, </subfield>
    <subfield code="y">siglo XV-siglo XVI</subfield>
    <subfield code="x">Juicios, litigios, etc</subfield>
  </datafield>
  <datafield tag="600" ind1="1" ind2=" ">
    <subfield code="a">Col&#xF3;n, Diego, </subfield>
    <subfield code="y">1526--</subfield>
    <subfield code="x">Juicios, litigios, etc.</subfield>
  </datafield>
  <datafield tag="600" ind1="1" ind2=" ">
    <subfield code="a">Familia Col&#xF3;n. </subfield>
    <subfield code="x">Concesiones de tierras</subfield>
    <subfield code="x">Derecho y legislaci&#xF3;n</subfield>
  </datafield>
  <datafield tag="651" ind1=" " ind2="7">
    <subfield code="2">lemb</subfield>
    <subfield code="a">Am&#xE9;rica Latina. Am&#xE9;rica</subfield>
    <subfield code="x">Descubrimiento y exploraci&#xF3;n-</subfield>
    <subfield code="x">Espa&#xF1;ol</subfield>
    <subfield code="v">Fuentes.</subfield>
  </datafield>
  <datafield tag="700" ind1="1" ind2=" ">
    <subfield code="a">Muro Orej&#xF3;n, Antonio,</subfield>
    <subfield code="e">editor</subfield>
  </datafield>
  <datafield tag="700" ind1="1" ind2=" ">
    <subfield code="a">P&#xE9;rez-Embid, Florentino,</subfield>
    <subfield code="e">editor</subfield>
  </datafield>
  <datafield tag="700" ind1="1" ind2=" ">
    <subfield code="a">Morales Padron, Francisco,</subfield>
    <subfield code="e">editor</subfield>
  </datafield>
  <datafield tag="700" ind1="1" ind2=" ">
    <subfield code="a">Llavador Mira, Jos&#xE9; ,</subfield>
    <subfield code="e">editor</subfield>
  </datafield>
  <datafield tag="700" ind1="1" ind2=" ">
    <subfield code="a">Maticorena Estrada, Miguel,</subfield>
    <subfield code="e">editor</subfield>
  </datafield>
  <datafield tag="700" ind1="1" ind2=" ">
    <subfield code="a">Torres Ram&#xED;rez, Bibiano,</subfield>
    <subfield code="e">editor</subfield>
  </datafield>
  <datafield tag="942" ind1=" " ind2=" ">
    <subfield code="2">lcc</subfield>
    <subfield code="c">LIB</subfield>
  </datafield>
  <datafield tag="999" ind1=" " ind2=" ">
    <subfield code="c">73038</subfield>
    <subfield code="d">73038</subfield>
  </datafield>
  <datafield tag="952" ind1=" " ind2=" ">
    <subfield code="1">0</subfield>
    <subfield code="2">lcc</subfield>
    <subfield code="4">0</subfield>
    <subfield code="7">0</subfield>
    <subfield code="a">INV-033</subfield>
    <subfield code="b">INV-033</subfield>
    <subfield code="c">GENERAL</subfield>
    <subfield code="d">2017-02-17</subfield>
    <subfield code="f">1a ed.</subfield>
    <subfield code="h">T. I</subfield>
    <subfield code="i">H</subfield>
    <subfield code="k">CSA</subfield>
    <subfield code="o">E113 P54 1967 </subfield>
    <subfield code="p">IIH000017018</subfield>
    <subfield code="r">2017-02-17 00:00:00</subfield>
    <subfield code="t">1</subfield>
    <subfield code="v">1.00</subfield>
    <subfield code="y">LIB</subfield>
  </datafield>
  <datafield tag="952" ind1=" " ind2=" ">
    <subfield code="1">0</subfield>
    <subfield code="2">lcc</subfield>
    <subfield code="4">0</subfield>
    <subfield code="7">0</subfield>
    <subfield code="a">INV-033</subfield>
    <subfield code="b">INV-033</subfield>
    <subfield code="c">GENERAL</subfield>
    <subfield code="d">2017-02-17</subfield>
    <subfield code="f">1a ed.</subfield>
    <subfield code="h">T. II</subfield>
    <subfield code="i">H</subfield>
    <subfield code="k">CSA</subfield>
    <subfield code="o">E113 P54 1983 </subfield>
    <subfield code="p">IIH000017019</subfield>
    <subfield code="r">2017-02-17 00:00:00</subfield>
    <subfield code="t">1</subfield>
    <subfield code="v">1.00</subfield>
    <subfield code="y">LIB</subfield>
  </datafield>
  <datafield tag="952" ind1=" " ind2=" ">
    <subfield code="1">0</subfield>
    <subfield code="2">lcc</subfield>
    <subfield code="4">0</subfield>
    <subfield code="7">0</subfield>
    <subfield code="a">INV-033</subfield>
    <subfield code="b">INV-033</subfield>
    <subfield code="c">GENERAL</subfield>
    <subfield code="d">2017-02-17</subfield>
    <subfield code="f">1a ed.</subfield>
    <subfield code="h">T. III</subfield>
    <subfield code="i">H</subfield>
    <subfield code="k">CSA</subfield>
    <subfield code="o">E113 P54 1984 </subfield>
    <subfield code="p">IIH000017020</subfield>
    <subfield code="r">2017-02-17 00:00:00</subfield>
    <subfield code="t">1</subfield>
    <subfield code="v">1.00</subfield>
    <subfield code="y">LIB</subfield>
  </datafield>
  <datafield tag="952" ind1=" " ind2=" ">
    <subfield code="1">0</subfield>
    <subfield code="2">lcc</subfield>
    <subfield code="4">0</subfield>
    <subfield code="7">0</subfield>
    <subfield code="a">INV-033</subfield>
    <subfield code="b">INV-033</subfield>
    <subfield code="c">GENERAL</subfield>
    <subfield code="d">2017-02-17</subfield>
    <subfield code="f">1a ed.</subfield>
    <subfield code="h">T. VIII</subfield>
    <subfield code="i">H</subfield>
    <subfield code="k">CSA</subfield>
    <subfield code="o">E113 P54 1964 </subfield>
    <subfield code="p">IIH000017021</subfield>
    <subfield code="r">2017-02-17 00:00:00</subfield>
    <subfield code="t">1</subfield>
    <subfield code="v">1.00</subfield>
    <subfield code="y">LIB</subfield>
  </datafield>
</record>
